San Benito, "Padre de Europa" (Record no. 128805)

MARC details
000 -LEADER
campo de control de longitud fija 00691nam a2200205 i 4500
001 - NÚMERO DE CONTROL
campo de control 128805
003 - IDENTIFICADOR DE NÚMERO DE CONTROL
campo de control ES-MaACL
005 - FECHA Y HORA DE LA ÚLTIMA TRANSACCIÓN
campo de control 20230906193350.0
007 - CAMPO FIJO DE DESCRIPCIÓN FÍSICA--INFORMACIÓN GENERAL
campo de control de longitud fija t|
008 - DATOS DE LONGITUD FIJA--INFORMACIÓN GENERAL
campo de control de longitud fija 070525s1960 sp ||||1| spa d
080 ## - NÚMERO DE LA CLASIFICACIÓN DECIMAL UNIVERSAL
Número de la Clasificación Decimal Universal 929 Benito, Santo
100 1# - ENTRADA PRINCIPAL--NOMBRE DE PERSONA
Nombre de persona Tapia de Renedo, Benedicto.
9 (RLIN) 109235
245 10 - MENCIÓN DEL TÍTULO
Título San Benito, "Padre de Europa"
Resto del título : el hombre, el santo y su obra /
Mención de responsabilidad, etc. Benedicto Tapia de Renedo.
260 ## - PUBLICACIÓN, DISTRIBUCIÓN, ETC.
Lugar de publicación, distribución, etc. Madrid :
Nombre del editor, distribuidor, etc. Compañia Bibliográfica Española,
Fecha de publicación, distribución, etc. [1960]
300 ## - DESCRIPCIÓN FÍSICA
Extensión 263 p. ,1 h. de lám. ;
Dimensiones 22 cm.
599 ## - NOTA A LAS ILUSTRACIONES
NOTA A LAS ILUSTRACIONES Lám.: retr. de San Benito.
600 04 - PUNTO DE ACCESO ADICIONAL DE MATERIA--NOMBRE DE PERSONA
Nombre de persona Benito
Títulos y otros términos asociados al nombre , Santo.
9 (RLIN) 27667
710 2# - ENTRADA AGREGADA--NOMBRE DE ENTIDAD CORPORATIVA
Nombre de entidad corporativa o nombre de jurisdicción como elemento de entrada Compañía Bibliográfica Española.
9 (RLIN) 171207
852 ## - LOCALIZACIÓN
Ubicación ES-MaACL
Número de control de estantería C-18432
Holdings
Estatus retirado Estado de pérdida Estado de daño No para préstamo Biblioteca de origen Biblioteca actual Ubicación en estantería Fecha de adquisición Fuente de adquisición Total de préstamos Signatura topográfica completa Código de barras Visto por última vez Precio de reemplazo Tipo de ítem Koha
        Biblioteca del Ateneo de Madrid Biblioteca del Ateneo de Madrid Galería 17/01/2008     C-18432 1134139 23/02/2023 23/02/2023 Libro impreso